000
00259nam a2200109Ia 4500
008
200302s9999 xx 000 0 und d
100
_a
Wahed A. E L Wakil
245
_a
Hassan Fathy James Steele
260
_b
Academy Editions
260
_c
1988
300
_a
149 P.,
999
_c
771
_d
771